<?xml version="1.0" encoding="UTF-8"?><?xml-stylesheet type="text/xsl" href="static/style.xsl"?><OAI-PMH xmlns="http://www.openarchives.org/OAI/2.0/" xmlns:xsi="http://www.w3.org/2001/XMLSchema-instance" xsi:schemaLocation="http://www.openarchives.org/OAI/2.0/ http://www.openarchives.org/OAI/2.0/OAI-PMH.xsd"><responseDate>2026-04-13T02:59:41Z</responseDate><request verb="GetRecord" identifier="oai:www.recercat.cat:10230/61410" metadataPrefix="marc">https://recercat.cat/oai/request</request><GetRecord><record><header><identifier>oai:recercat.cat:10230/61410</identifier><datestamp>2025-12-21T20:48:02Z</datestamp><setSpec>com_2072_6</setSpec><setSpec>col_2072_452954</setSpec></header><metadata><record xmlns="http://www.loc.gov/MARC21/slim" xmlns:dcterms="http://purl.org/dc/terms/" xmlns:xsi="http://www.w3.org/2001/XMLSchema-instance" xmlns:doc="http://www.lyncode.com/xoai" xsi:schemaLocation="http://www.loc.gov/MARC21/slim http://www.loc.gov/standards/marcxml/schema/MARC21slim.xsd">
   <leader>00925njm 22002777a 4500</leader>
   <datafield ind2=" " ind1=" " tag="042">
      <subfield code="a">dc</subfield>
   </datafield>
   <datafield ind2=" " ind1=" " tag="720">
      <subfield code="a">Ferro, Federico</subfield>
      <subfield code="e">author</subfield>
   </datafield>
   <datafield ind2=" " ind1=" " tag="260">
      <subfield code="c">2024-10-15T10:31:00Z</subfield>
   </datafield>
   <datafield ind2=" " ind1=" " tag="260">
      <subfield code="c">2024-10-15T10:31:00Z</subfield>
   </datafield>
   <datafield ind2=" " ind1=" " tag="260">
      <subfield code="c">2024</subfield>
   </datafield>
   <datafield ind2=" " ind1=" " tag="520">
      <subfield code="a">Treball de Fi de Màster: Màster Avançat en Ciències Jurídiques. Curs 2023-2024</subfield>
   </datafield>
   <datafield ind2=" " ind1=" " tag="520">
      <subfield code="a">Tutor: Tomàs de Montagut i Estragués</subfield>
   </datafield>
   <datafield ind2=" " ind1=" " tag="520">
      <subfield code="a">Este Trabajo de Fin de Máster explora el desarrollo y la aplicación del Derecho Criminal en la Alta Edad Media en Europa, con un enfoque particular en Cataluña –entre los siglos IX y XII-. Analizando fuentes normativas fundamentales, el estudio muestra cómo estas fueron influenciadas por los contextos social, político y religioso -destacando la influencia de la Iglesia y la moral cristiana en la configuración de la justicia de la época-. Asimismo, se resalta la evolución desde prácticas basadas en la costumbre y la venganza hacia un marco jurídico más formalizado y codificado. Así, se destaca la interacción entre las normativas escritas y las costumbres orales, revelando su impacto en la vida cotidiana y la resolución de conflictos. El trabajo subraya la importancia de comprender la justicia vindicatoria –concepción enfocada en la restauración del orden y la armonía social, más que en la retribución pura- y la diferencia con el derecho penal actual.</subfield>
   </datafield>
   <datafield ind2=" " ind1=" " tag="520">
      <subfield code="a">This Master&amp;apos;s thesis explores the development and application of Criminal Law in the High Middle Ages in Europe, with a particular focus on Catalonia between the 9th and 12th centuries. By analyzing key normative sources, the study illustrates how these were influenced by the social, political, and religious contexts—highlighting the impact of the Church and Christian morality in shaping the justice of the time. Additionally, the evolution from customs- based and revenge-driven practices towards a more formalized and codified legal framework is emphasized. The interaction between written regulations and oral customs is examined, revealing their impact on daily life and conflict resolution. The work underscores the importance of understanding vindicatory justice—a concept focused on restoring order and&#xd;
social harmony, rather than mere retribution—and its difference from modern criminal law.</subfield>
   </datafield>
   <datafield tag="653" ind2=" " ind1=" ">
      <subfield code="a">Treball de fi de màster – Curs 2023-2024</subfield>
   </datafield>
   <datafield tag="653" ind2=" " ind1=" ">
      <subfield code="a">Dret penal – Història</subfield>
   </datafield>
   <datafield ind2="0" ind1="0" tag="245">
      <subfield code="a">El derecho criminal en la alta edad media en Europa: de Carlomagno al Renacimiento del siglo XII</subfield>
   </datafield>
</record></metadata></record></GetRecord></OAI-PMH>